Dental Biomaterials: (Record no. 37163)

MARC details
000 -LEADER
fixed length control field 00662nam a22001937a 4500
005 - DATE AND TIME OF LATEST TRANSACTION
control field 20260504151808.0
008 - FIXED-LENGTH DATA ELEMENTS--GENERAL INFORMATION
fixed length control field 260504b |||||||| |||| 00| 0 eng d
020 ## - INTERNATIONAL STANDARD BOOK NUMBER
ISBN 9781420072099
082 ## - DEWEY DECIMAL CLASSIFICATION NUMBER
Classification number 617.695
Item number DEN
245 ## - TITLE STATEMENT
Title Dental Biomaterials:
Remainder of title Imaging, Testing and Modelling/
Statement of responsibility, etc. Institute of Materials, Minerals, and Mining.
260 ## - PUBLICATION, DISTRIBUTION, ETC.
Place of Publication USA:
Name of publisher, distributor, etc. Woodhead Publishing ;
Date of publication, distribution, etc. 2008.
300 ## - PHYSICAL DESCRIPTION
Pages xv, 512 p. : ill. ; 24 cm.
490 ## - SERIES STATEMENT
Series Statement Woodhead Publishing Series in Biomaterials
650 ## - SUBJECT ADDED ENTRY--TOPICAL TERM
Subject / Department Medical /Dentistry/ Biomedical Materials Science
700 ## - ADDED ENTRY--PERSONAL NAME
Personal name Edited by Richard V. Curtis,
700 ## - ADDED ENTRY--PERSONAL NAME
Personal name Edited by Timothy F. Watson
952 ## - LOCATION AND ITEM INFORMATION (KOHA)
-- 0
-- 0
952 ## - LOCATION AND ITEM INFORMATION (KOHA)
-- 0
-- 0
Holdings
Lost status Damaged status Collection code Permanent Location Current Location Shelving Location Date acquired Full Call Number Accession No./Barcode Date last seen Copy number item type Koha item type
    Medical Superior Information Resource Center (SIRC) Superior University- Central Library Superior Information Resource Center (SIRC) Superior University- Central Library Dentistry (D-L) 05/04/2026 617.695 DEN 2008 29851 05/04/2026 1 BOOK BOOK
    Medical Superior Information Resource Center (SIRC) Superior University- Central Library Superior Information Resource Center (SIRC) Superior University- Central Library Dentistry (D-L) 05/04/2026 617.695 DEN 2008 29852 05/04/2026 2 BOOK BOOK

Powered by Koha